000 00491nam a2200169 a 4500
005 20140412111334.0
008 050419s19uu xx 00 eng d
020 _a971-134-035-6
050 _aTR(GS 782.42
_bT111 1988
100 _aTawg, Marina N.
245 _aGreetings songs /
_cMarina N. Tawag ; music arranger Ma. Fideliz Sta. Brigida.
260 _aManila :
_bBookmark Inc,
_c1988.
300 _a20 p. ; ill.
440 _aPre-School Hits!
650 _aSongbook
999 _c104995
_d104995